[Event "Olimpiada Dresden 2008 Femenina"]
[Site "Dresden GER"]
[Date "2008.11.23"]
[Round "10.13"]
[White "Mijovic, Aleksandra"]
[Black "Vasiliev, Olga"]
[Result "0-1"]
[WhiteElo "2176"]
[BlackElo "2235"]
[PlyCount "86"]
[EventDate "2008.11.13"]
[EventType "team-swiss"]
[EventRounds "11"]
[EventCountry "GER"]
[Source "lmi"]
[SourceDate "2008.11.13"]
[WhiteTeam "MNE"]
[BlackTeam "Israel"]
[BlackTeamCountry "ISR"]

1. e4 c5 2. Nf3 Nc6 3. d4 cxd4 4. Nxd4 e5 5. Nb5 d6 6. N1c3 a6 7. Na3 b5 8. Nd5
Nge7 9. c4 Nd4 10. Be3 Nxd5 11. cxd5 f5 12. Bd3 fxe4 13. Bxe4 Nf5 14. Qd3 Nxe3
15. Qxe3 Be7 16. Qd3 Qa5+ 17. Ke2 g6 18. h4 Rf8 19. Nc2 Bf5 20. f3 Rc8 21. g3
Rc4 22. Ne3 Rd4 23. Qc2 Bxe4 24. fxe4 Rf2+ 25. Kxf2 Rd2+ 26. Kf3 Rxc2 27. Nxc2
Bd8 28. Rhd1 b4 29. Ne3 Qb5 30. Rac1 Bb6 31. Rc6 Bc5 32. b3 Qa5 33. Rd2 Qd8 34.
Nc4 g5 35. hxg5 Qxg5 36. Kg2 h5 37. Rxc5 dxc5 38. d6 h4 39. d7+ Kd8 40. Rd6
Qxg3+ 41. Kf1 Qf3+ 42. Ke1 Qxe4+ 43. Kf2 h3 0-1

[Event "Olimpiada Dresden 2008 Femenina"]
[Site "Dresden GER"]
[Date "2008.11.23"]
[Round "10.14"]
[White "Sharevich, Anna"]
[Black "Vasquez Ramirez, Rocio"]
[Result "1/2-1/2"]
[WhiteElo "2322"]
[BlackElo "2284"]
[PlyCount "123"]
[EventDate "2008.11.13"]
[EventType "team-swiss"]
[EventRounds "11"]
[EventCountry "GER"]
[Source "lmi"]
[SourceDate "2008.11.13"]
[WhiteTeam "Bielorusia"]
[BlackTeam "Ecuador"]
[WhiteTeamCountry "BLR"]
[BlackTeamCountry "ECU"]

1. d4 d5 2. Nf3 Nf6 3. c4 c6 4. Nc3 g6 5. g3 Bg7 6. Bg2 O-O 7. cxd5 Nxd5 8. O-O
Nd7 9. e4 Nxc3 10. bxc3 e5 11. Ba3 Re8 12. Qc2 exd4 13. cxd4 Qa5 14. Bb2 Nb6
15. Nd2 Be6 16. Nb3 Qa4 17. Rfc1 Nc4 18. Bc3 Na3 19. Qb2 Nc4 20. Qe2 b6 21. Qf1
Bh6 22. Re1 Na3 23. d5 Bc8 24. Qd3 cxd5 25. Qf3 Nb5 26. Bb2 d4 27. Bf1 Bg7 28.
Bxb5 Qxb5 29. Bxd4 Bxd4 30. Nxd4 Qe5 31. Nc6 Qe6 32. Nb4 Bb7 33. Nd5 Bxd5 34.
exd5 Qxe1+ 35. Rxe1 Rxe1+ 36. Kg2 Rd8 37. Qg4 Re5 38. Qa4 a5 39. Qc6 Rdxd5 40.
Qxb6 h5 41. a3 Rf5 42. Qb8+ Kh7 43. Qb2 Rd3 44. f4 h4 45. a4 hxg3 46. hxg3 Rc5
47. Qf6 Kg8 48. Qe7 Rd2+ 49. Kf3 Rd3+ 50. Ke2 Rdc3 51. Qd8+ Kh7 52. Qf6 Kg8 53.
Qd8+ Kg7 54. Qd4+ Kh7 55. f5 Rc2+ 56. Kd3 gxf5 57. Qf6 R2c3+ 58. Kd2 Rc2+ 59.
Kd3 R5c3+ 60. Kd4 Rc4+ 61. Kd3 R2c3+ 62. Kd2 1/2-1/2

[Event "Olimpiada Dresden 2008 Femenina"]
[Site "Dresden GER"]
[Date "2008.11.23"]
[Round "10.14"]
[White "Moncayo Romero, Evelyn"]
[Black "Popova, Natalija"]
[Result "0-1"]
[WhiteElo "2142"]
[BlackElo "2264"]
[PlyCount "108"]
[EventDate "2008.11.13"]
[EventType "team-swiss"]
[EventRounds "11"]
[EventCountry "GER"]
[Source "lmi"]
[SourceDate "2008.11.13"]
[WhiteTeam "Ecuador"]
[BlackTeam "Bielorusia"]
[WhiteTeamCountry "ECU"]
[BlackTeamCountry "BLR"]

1. e4 c5 2. Nf3 Nc6 3. d4 cxd4 4. Nxd4 Nf6 5. Nc3 e5 6. Ndb5 d6 7. Bg5 a6 8.
Na3 b5 9. Nd5 Be7 10. Bxf6 Bxf6 11. c4 b4 12. Nc2 a5 13. g3 O-O 14. Bg2 Be7 15.
O-O Be6 16. b3 Rc8 17. Qd3 Bxd5 18. Qxd5 Qd7 19. Qd3 Qa7 20. Bh3 Ra8 21. Qd5
Qc7 22. a3 a4 23. axb4 axb3 24. b5 Na5 25. Ne3 Bg5 26. Ra4 Bxe3 27. fxe3 Ra7
28. Rb4 Qb6 29. Kh1 Rc7 30. Bg4 Qc5 31. b6 Rb7 32. Ra4 Nc6 33. Ra6 Qxd5 34.
exd5 Nb4 35. Ra3 Rxb6 36. Rb1 Nd3 37. Bd7 Nc5 38. Bb5 g6 39. Ra7 Rfb8 40. Ra5
Kg7 41. Kg2 R6b7 42. Kf3 e4+ 43. Kg2 Kf6 44. g4 h6 45. h4 Ke5 46. Kg3 f5 47.
Rb2 Rf7 48. g5 hxg5 49. hxg5 f4+ 50. exf4+ Rxf4 51. Ra7 Rf3+ 52. Kg2 Rf5 53.
Rh7 Rxg5+ 54. Kh3 Rh5+ 0-1

[Event "Olimpiada Dresden 2008 Femenina"]
[Site "Dresden GER"]
[Date "2008.11.23"]
[Round "10.14"]
[White "Azarova, Nadezhda"]
[Black "Heredia Serrano, Carla"]
[Result "1-0"]
[WhiteElo "2308"]
[BlackElo "2105"]
[PlyCount "75"]
[EventDate "2008.11.13"]
[EventType "team-swiss"]
[EventRounds "11"]
[EventCountry "GER"]
[Source "lmi"]
[SourceDate "2008.11.13"]
[WhiteTeam "Bielorusia"]
[BlackTeam "Ecuador"]
[WhiteTeamCountry "BLR"]
[BlackTeamCountry "ECU"]

1. e4 c6 2. d4 d5 3. e5 c5 4. dxc5 Nc6 5. Bb5 e6 6. Be3 Nge7 7. c3 Bd7 8. Bxc6
Nxc6 9. f4 g5 10. fxg5 Nxe5 11. Nf3 Bg7 12. Nxe5 Bxe5 13. Nd2 Bb5 14. Nf3 Bg7
15. Qd2 Qc7 16. O-O-O O-O-O 17. Kb1 Rhe8 18. Nd4 Bc4 19. b3 Ba6 20. Rhe1 e5 21.
Nf5 Bf8 22. Qf2 Qa5 23. Kb2 Rd7 24. Nd6+ Bxd6 25. cxd6 Rxd6 26. Qxf7 Rde6 27.
Qxh7 d4 28. Bd2 d3 29. c4 Qc5 30. Qxd3 Kb8 31. Be3 Qa5 32. h4 e4 33. Qd4 b6 34.
h5 Bb7 35. g4 Qb4 36. g6 a5 37. g7 a4 38. h6 1-0

[Event "Olimpiada Dresden 2008 Femenina"]
[Site "Dresden GER"]
[Date "2008.11.23"]
[Round "10.14"]
[White "Rojas Solano, Jessenia"]
[Black "Berlin, Tatiana"]
[Result "0-1"]
[WhiteElo "1959"]
[BlackElo "2218"]
[PlyCount "78"]
[EventDate "2008.11.13"]
[EventType "team-swiss"]
[EventRounds "11"]
[EventCountry "GER"]
[Source "lmi"]
[SourceDate "2008.11.13"]
[WhiteTeam "Ecuador"]
[BlackTeam "Bielorusia"]
[WhiteTeamCountry "ECU"]
[BlackTeamCountry "BLR"]

1. Nf3 Nf6 2. c4 d6 3. d4 Nbd7 4. Nc3 g6 5. e4 e5 6. Be2 Bg7 7. O-O O-O 8. dxe5
dxe5 9. h3 c6 10. Be3 Qe7 11. Qd2 Nc5 12. Qc2 Nh5 13. Rfd1 f5 14. b4 Ne6 15.
exf5 gxf5 16. Nxe5 Bxe5 17. Bxh5 f4 18. Bd2 Nd4 19. Qd3 Bf5 20. Qf1 Qg5 21. Bg4
Bxg4 22. hxg4 Qxg4 23. f3 Qh5 24. Ne4 Nf5 25. c5 Ne3 26. Qd3 Nxd1 27. Rxd1 Rad8
28. Qb3+ Qf7 29. Qxf7+ Rxf7 30. Re1 Rfd7 31. Re2 Kg7 32. Kh2 Kg6 33. a4 Kf5 34.
Kh3 Rd3 35. Kh4 Ra3 36. a5 Ra1 37. Nf2 Rg1 38. Kh3 Rg8 39. Ng4 Rh1+ 0-1

[Event "Olimpiada Dresden 2008 Femenina"]
[Site "Dresden GER"]
[Date "2008.11.23"]
[Round "10.15"]
[White "Le, Thanh Tu"]
[Black "Lujan, Carolina"]
[Result "0-1"]
[WhiteElo "2324"]
[BlackElo "2366"]
[PlyCount "86"]
[EventDate "2008.11.13"]
[EventType "team-swiss"]
[EventRounds "11"]
[EventCountry "GER"]
[Source "lmi"]
[SourceDate "2008.11.13"]
[WhiteTeam "Vietnam"]
[BlackTeam "Argentina"]
[WhiteTeamCountry "VIE"]
[BlackTeamCountry "ARG"]

1. Nf3 Nf6 2. c4 g6 3. Nc3 d5 4. Qa4+ Bd7 5. Qb3 dxc4 6. Qxc4 Bg7 7. e4 O-O 8.
d4 b5 9. Nxb5 Nxe4 10. Qxc7 Nc6 11. Qxd8 Raxd8 12. Be2 Nb4 13. O-O Rb8 14. Na3
Be6 15. Bf4 Rb7 16. Rfe1 Bxa2 17. Rxa2 Nxa2 18. Bc4 Nxf2 19. Kxf2 Rxb2+ 20. Re2
Rxe2+ 21. Kxe2 Nb4 22. Ne5 e6 23. Bd2 Nd5 24. Nc6 Bf6 25. Ba6 Ne7 26. Nxe7+
Bxe7 27. Nb5 Kg7 28. Kd3 Rb8 29. Ba5 Bd8 30. Bxd8 Rxd8 31. Kc4 Rb8 32. Kc5 Rd8
33. Kc6 Rd5 34. Kb7 Rg5 35. g3 Rh5 36. h4 g5 37. Nxa7 gxh4 38. gxh4 Rxh4 39.
Nc6 h5 40. Kb6 Rf4 41. Kc5 h4 42. Ne5 h3 43. Bb7 h2 0-1

[Event "Olimpiada Dresden 2008 Femenina"]
[Site "Dresden GER"]
[Date "2008.11.23"]
[Round "10.15"]
[White "Amura, Claudia"]
[Black "Pham, Le Thao Nguyen"]
[Result "1/2-1/2"]
[WhiteElo "2344"]
[BlackElo "2304"]
[PlyCount "61"]
[EventDate "2008.11.13"]
[EventType "team-swiss"]
[EventRounds "11"]
[EventCountry "GER"]
[Source "lmi"]
[SourceDate "2008.11.13"]
[WhiteTeam "Argentina"]
[BlackTeam "Vietnam"]
[WhiteTeamCountry "ARG"]
[BlackTeamCountry "VIE"]

1. d4 d5 2. c4 c6 3. Nf3 Nf6 4. e3 Bg4 5. Qb3 Qb6 6. Ne5 Bf5 7. Nc3 e6 8. c5
Qc7 9. Be2 Nbd7 10. g4 Bg6 11. Nxd7 Nxd7 12. Bd2 Be7 13. h4 h5 14. g5 e5 15. f4
exd4 16. exd4 Bf5 17. Bf3 Nf8 18. Ne2 Ne6 19. Qe3 g6 20. Ng3 Ng7 21. Qe5 Qxe5+
22. fxe5 b6 23. b4 bxc5 24. bxc5 Bd3 25. Bc3 Rb8 26. Kd2 Bc4 27. Be2 Bxe2 28.
Kxe2 Kd7 29. Rhf1 Rhf8 30. Kd3 Ne6 31. Ne2 1/2-1/2

[Event "Olimpiada Dresden 2008 Femenina"]
[Site "Dresden GER"]
[Date "2008.11.23"]
[Round "10.15"]
[White "Le, Kieu Thien Kim"]
[Black "Zuriel, Marisa"]
[Result "1/2-1/2"]
[WhiteElo "2291"]
[BlackElo "2189"]
[PlyCount "104"]
[EventDate "2008.11.13"]
[EventType "team-swiss"]
[EventRounds "11"]
[EventCountry "GER"]
[Source "lmi"]
[SourceDate "2008.11.13"]
[WhiteTeam "Vietnam"]
[BlackTeam "Argentina"]
[WhiteTeamCountry "VIE"]
[BlackTeamCountry "ARG"]

1. d4 Nf6 2. Nf3 g6 3. Bf4 Bg7 4. e3 O-O 5. Be2 d6 6. h3 Nbd7 7. c3 b6 8. O-O
Bb7 9. a4 a5 10. Nbd2 Ne4 11. Bh2 e5 12. Nxe4 Bxe4 13. Bb5 exd4 14. exd4 Nf6
15. Re1 Bb7 16. Bf4 h6 17. Nh2 Kh7 18. Qc2 Nh5 19. Bd2 Qh4 20. Be2 Rae8 21. Bf3
Bxf3 22. Nxf3 Qd8 23. b4 Qa8 24. Rxe8 Rxe8 25. Rb1 Nf6 26. Qb3 Re7 27. c4 Ne4
28. Be1 axb4 29. Qxb4 Bf6 30. Qb5 Ng5 31. Nxg5+ Bxg5 32. c5 dxc5 33. dxc5 bxc5
34. a5 Bf6 35. Qxc5 Qe4 36. Qb4 Bd4 37. a6 c5 38. Qb5 Qc2 39. Kh1 c4 40. Ba5
Re5 41. Qb7 Rxa5 42. Qxf7+ Bg7 43. Rb7 Qd1+ 44. Kh2 Qd6+ 45. g3 Qd4 46. a7 Ra2
47. Kg1 Ra1+ 48. Kh2 Ra2 49. Kg1 Ra1+ 50. Kh2 Ra2 51. Kg1 Ra1+ 52. Kh2 Ra2
1/2-1/2

[Event "Olimpiada Dresden 2008 Femenina"]
[Site "Dresden GER"]
[Date "2008.11.23"]
[Round "10.15"]
[White "Plazaola, Maria De Los Angele"]
[Black "Dang, Bich Ngoc"]
[Result "1-0"]
[WhiteElo "2126"]
[BlackElo "2186"]
[PlyCount "119"]
[EventDate "2008.11.13"]
[EventType "team-swiss"]
[EventRounds "11"]
[EventCountry "GER"]
[Source "lmi"]
[SourceDate "2008.11.13"]
[WhiteTeam "Argentina"]
[BlackTeam "Vietnam"]
[WhiteTeamCountry "ARG"]
[BlackTeamCountry "VIE"]

1. e4 c5 2. Nf3 b6 3. d4 cxd4 4. Nxd4 Bb7 5. Nc3 a6 6. Bf4 d6 7. Bg3 b5 8. a3
Nf6 9. Bd3 g6 10. O-O Bg7 11. Nde2 Qb6 12. Kh1 O-O 13. f4 Nbd7 14. Bh4 Rae8 15.
Bf2 Qc7 16. Ng3 Qb8 17. Be2 Qa8 18. Bf3 Rc8 19. Qe2 h5 20. Rfe1 Bh6 21. e5 Bxf3
22. Qxf3 Qxf3 23. gxf3 Ne8 24. Nge4 e6 25. exd6 Bxf4 26. Bh4 Ng7 27. Rad1 Nf5
28. Bf2 Rfd8 29. Ne2 Be5 30. c3 Rc6 31. Rd2 Nb6 32. Bxb6 Rxb6 33. d7 Kf8 34.
Nc1 Bf4 35. Rd3 Ke7 36. Nc5 Bd6 37. N1b3 Rc6 38. Ne4 Rxd7 39. Red1 Rdc7 40. Na5
Rb6 41. b4 Bf4 42. Nc5 Rd6 43. Nab7 Rxd3 44. Rxd3 Be3 45. Kg2 a5 46. Kf1 a4 47.
Kg2 Bc1 48. Na5 Bxa3 49. Na6 Rd7 50. Nc6+ Kf8 51. Rxd7 Bb2 52. Nc5 Bxc3 53. Ra7
Ne3+ 54. Kf2 Nc2 55. Ra5 a3 56. Nb3 Bb2 57. Ke2 e5 58. Kd2 Nd4 59. Ncxd4 exd4
60. Kd3 1-0

[Event "Olimpiada Dresden 2008 Femenina"]
[Site "Dresden GER"]
[Date "2008.11.23"]
[Round "10.16"]
[White "Cmilyte, Viktorija"]
[Black "Munguntuul, Batkhuyag"]
[Result "1/2-1/2"]
[WhiteElo "2512"]
[BlackElo "2410"]
[PlyCount "100"]
[EventDate "2008.11.13"]
[EventType "team-swiss"]
[EventRounds "11"]
[EventCountry "GER"]
[Source "lmi"]
[SourceDate "2008.11.13"]
[WhiteTeam "Lituania"]
[BlackTeam "Mongolia"]
[WhiteTeamCountry "LTU"]
[BlackTeamCountry "MGL"]

1. Nf3 d5 2. d4 Nf6 3. c4 c6 4. Nc3 e6 5. Bg5 h6 6. Bxf6 Qxf6 7. e3 Nd7 8. Qd2
Bd6 9. e4 Bf4 10. Qc2 dxe4 11. Nxe4 Qe7 12. Bd3 c5 13. g3 Bc7 14. O-O-O cxd4
15. Nxd4 Nc5 16. Nxc5 Qxc5 17. Nb3 Qe7 18. Rhe1 Bd7 19. f4 O-O-O 20. Be4 Kb8
21. Qc3 g6 22. c5 Bc8 23. Nd4 e5 24. Nb5 f5 25. Bc2 e4 26. Nd6 Rhf8 27. Qa3 Rf6
28. Nxc8 Rxc8 29. Rd5 Ra6 30. Qb3 Rc6 31. Qb5 a6 32. Qc4 Ba5 33. b4 Rxc5 34.
bxc5 Bxe1 35. Qd4 Qc7 36. Kd1 Ba5 37. Ba4 Rd8 38. Bd7 Bc3 39. Qa4 b5 40. cxb6
Qxb6 41. Qb3 Qxb3+ 42. axb3 Kc7 43. Be6 Rxd5+ 44. Bxd5 Kd6 45. Bf7 g5 46. Bg6
gxf4 47. gxf4 Ke6 48. h4 Bb4 49. Ke2 Ba3 50. Kd2 Bb4+ 1/2-1/2

[Event "Olimpiada Dresden 2008 Femenina"]
[Site "Dresden GER"]
[Date "2008.11.23"]
[Round "10.16"]
[White "Yanjindulam, Dulamsuren"]
[Black "Daulyte, Deimante"]
[Result "1-0"]
[WhiteElo "2286"]
[BlackElo "2278"]
[PlyCount "129"]
[EventDate "2008.11.13"]
[EventType "team-swiss"]
[EventRounds "11"]
[EventCountry "GER"]
[Source "lmi"]
[SourceDate "2008.11.13"]
[WhiteTeam "Mongolia"]
[BlackTeam "Lituania"]
[WhiteTeamCountry "MGL"]
[BlackTeamCountry "LTU"]

1. e4 e5 2. Nf3 Nc6 3. Bb5 a6 4. Ba4 Nf6 5. O-O Be7 6. Re1 b5 7. Bb3 d6 8. c3
O-O 9. h3 Nb8 10. d4 Nbd7 11. Nbd2 Bb7 12. Bc2 Re8 13. Nf1 Bf8 14. Ng3 g6 15.
b3 exd4 16. cxd4 c5 17. d5 Bg7 18. Rb1 Rc8 19. Bb2 c4 20. bxc4 Rxc4 21. Bd3 Rc7
22. Bd4 Nc5 23. Rc1 Nxd3 24. Qxd3 Qe7 25. Rxc7 Qxc7 26. Qd2 Rc8 27. h4 Nd7 28.
Bxg7 Kxg7 29. h5 Qc3 30. Qf4 Ne5 31. h6+ Kf8 32. Re3 Nxf3+ 33. Qxf3 Qe5 34. Ne2
Rc2 35. a3 a5 36. Qh3 Bc8 37. Qh4 Qe7 38. Qxe7+ Kxe7 39. Nd4 Rc1+ 40. Kh2 Bd7
41. f4 Rc4 42. Nf3 b4 43. axb4 axb4 44. Kg3 Ba4 45. Re1 b3 46. Rb1 Rb4 47. Rb2
Rxe4 48. Ng5 Re3+ 49. Kf2 Rc3 50. Re2+ Kd8 51. Nxh7 Rc2 52. Ng5 Rxe2+ 53. Kxe2
b2 54. h7 b1=Q 55. h8=Q+ Kd7 56. Qh3+ Ke7 57. Qe3+ Kd7 58. Qa7+ Kc8 59. Qxa4
Qb2+ 60. Kf3 Qc3+ 61. Kf2 Qd2+ 62. Kg3 Qe1+ 63. Kh2 Qh4+ 64. Nh3 Qe7 65. Qa8+
1-0

[Event "Olimpiada Dresden 2008 Femenina"]
[Site "Dresden GER"]
[Date "2008.11.23"]
[Round "10.16"]
[White "Munhchuluun, Cegmed"]
[Black "Ziogaite, Jovita"]
[Result "1-0"]
[WhiteElo "1969"]
[BlackElo "2093"]
[PlyCount "125"]
[EventDate "2008.11.13"]
[EventType "team-swiss"]
[EventRounds "11"]
[EventCountry "GER"]
[Source "lmi"]
[SourceDate "2008.11.13"]
[WhiteTeam "Mongolia"]
[BlackTeam "Lituania"]
[WhiteTeamCountry "MGL"]
[BlackTeamCountry "LTU"]

1. d4 Nf6 2. c4 e5 3. dxe5 Ng4 4. Nf3 Bc5 5. e3 Nc6 6. a3 a5 7. Nc3 Ngxe5 8.
Nd5 O-O 9. Bd2 Re8 10. Bc3 a4 11. Be2 d6 12. O-O Nxf3+ 13. Bxf3 Ne5 14. Bxe5
dxe5 15. Nc3 Bd6 16. Qc2 Qf6 17. c5 e4 18. Bxe4 Be5 19. Bf3 Bf5 20. e4 Be6 21.
Nd5 Bxd5 22. exd5 Qf4 23. Rfd1 Qxh2+ 24. Kf1 Bxb2 25. g3 Bxa1 26. Rxa1 Ra6 27.
Rb1 Rf6 28. Qd3 Qh3+ 29. Bg2 Qh6 30. Kg1 b6 31. d6 cxd6 32. cxb6 d5 33. b7 Rb6
34. Rxb6 Re1+ 35. Bf1 Qxb6 36. Qa6 Qd8 37. Qxa4 h6 38. Qb4 Re8 39. a4 Qb8 40.
a5 Qa7 41. a6 Kh7 42. Qf4 Kg8 43. Kg2 Rb8 44. Qd6 Rxb7 45. axb7 Qxb7 46. Kg1
Qb3 47. Qe5 Qd1 48. Qe8+ Kh7 49. Qxf7 d4 50. Kg2 Qc2 51. Qf3 Qc5 52. Bd3+ Kg8
53. Qf5 Qd6 54. Qg6 Qd8 55. Kf3 Qd5+ 56. Be4 Qd8 57. Qe6+ Kh8 58. Ke2 Qb8 59.
Qc4 Qd8 60. Kd3 Qf8 61. Qxd4 Qa3+ 62. Ke2 Qf8 63. Qd5 1-0

[Event "Olimpiada Dresden 2008 Femenina"]
[Site "Dresden GER"]
[Date "2008.11.23"]
[Round "10.17"]
[White "Jackova, Jana"]
[Black "Rogule, Laura"]
[Result "1-0"]
[WhiteElo "2360"]
[BlackElo "2260"]
[PlyCount "67"]
[EventDate "2008.11.13"]
[EventType "team-swiss"]
[EventRounds "11"]
[EventCountry "GER"]
[Source "lmi"]
[SourceDate "2008.11.13"]
[WhiteTeam "Chequia"]
[BlackTeam "Letonia"]
[WhiteTeamCountry "CZE"]
[BlackTeamCountry "LAT"]

1. e4 c5 2. Nf3 a6 3. Nc3 b5 4. d4 e6 5. Bd3 c4 6. Be2 Bb7 7. e5 d6 8. O-O Nc6
9. exd6 Bxd6 10. a4 b4 11. Ne4 Na5 12. Nxd6+ Qxd6 13. Ne5 Ne7 14. Bf4 Rd8 15.
Bh5 O-O 16. Ng6 Qd7 17. Nxf8 Kxf8 18. Bf3 Nd5 19. Bg5 f6 20. Be3 Bc6 21. Re1
Nb7 22. Bd2 Kg8 23. Qe2 Kf7 24. Qxc4 Bxa4 25. Bxd5 exd5 26. Qd3 a5 27. Qxh7 Bb5
28. Re3 Nd6 29. Qh5+ Kf8 30. Rxa5 Nf5 31. Bxb4+ Kg8 32. Re1 Bc6 33. Bc5 Ra8 34.
Rxa8+ 1-0

[Event "Olimpiada Dresden 2008 Femenina"]
[Site "Dresden GER"]
[Date "2008.11.23"]
[Round "10.17"]
[White "Berzina, Ilze"]
[Black "Kulovana, Eva"]
[Result "0-1"]
[WhiteElo "2320"]
[BlackElo "2286"]
[PlyCount "84"]
[EventDate "2008.11.13"]
[EventType "team-swiss"]
[EventRounds "11"]
[EventCountry "GER"]
[Source "lmi"]
[SourceDate "2008.11.13"]
[WhiteTeam "Letonia"]
[BlackTeam "Chequia"]
[WhiteTeamCountry "LAT"]
[BlackTeamCountry "CZE"]

1. e4 e5 2. Nf3 Nc6 3. Bb5 a6 4. Ba4 Nf6 5. O-O Be7 6. Re1 d6 7. Bxc6+ bxc6 8.
d4 exd4 9. Nxd4 Bd7 10. Nc3 O-O 11. Nf5 Bxf5 12. exf5 Re8 13. Be3 Qb8 14. Bd4
c5 15. Bxf6 Bxf6 16. Rxe8+ Qxe8 17. Nd5 Qd8 18. Qf3 Bxb2 19. Re1 Be5 20. Ne7+
Kf8 21. Nc6 Qe8 22. Nxe5 dxe5 23. f6 Rd8 24. h3 Qe6 25. fxg7+ Kg8 26. Qc3 Rd5
27. f4 e4 28. Rb1 Rd8 29. Qxc5 e3 30. Qxc7 Re8 31. Qe5 Qc8 32. Qd4 Qxc2 33. Rf1
Qxa2 34. f5 Qd2 35. Qxd2 exd2 36. Kf2 Re5 37. Rd1 Rxf5+ 38. Ke3 Rd5 39. Rxd2
Rxd2 40. Kxd2 Kxg7 41. Kc3 Kg6 42. Kb4 Kg5 0-1

[Event "Olimpiada Dresden 2008 Femenina"]
[Site "Dresden GER"]
[Date "2008.11.23"]
[Round "10.17"]
[White "Richtrova, Eliska"]
[Black "Erneste, Inguna"]
[Result "0-1"]
[WhiteElo "2270"]
[BlackElo "2290"]
[PlyCount "136"]
[EventDate "2008.11.13"]
[EventType "team-swiss"]
[EventRounds "11"]
[EventCountry "GER"]
[Source "lmi"]
[SourceDate "2008.11.13"]
[WhiteTeam "Chequia"]
[BlackTeam "Letonia"]
[WhiteTeamCountry "CZE"]
[BlackTeamCountry "LAT"]

1. e4 e5 2. Nf3 Nc6 3. Bb5 a6 4. Ba4 Nf6 5. O-O Be7 6. Re1 b5 7. Bb3 d6 8. h3
O-O 9. c3 Nb8 10. d4 Nbd7 11. c4 Bb7 12. Nc3 h6 13. a3 Re8 14. cxb5 axb5 15.
Nxb5 exd4 16. Qxd4 Nc5 17. Bc2 Nfxe4 18. Bxe4 Bxe4 19. Rxe4 Nb3 20. Qd1 Nxa1
21. Bf4 Qb8 22. a4 Bf6 23. Rxe8+ Qxe8 24. Nxc7 Qxa4 25. Qxa4 Rxa4 26. Bxd6 Bxb2
27. Nd5 Nc2 28. Ne7+ Kh7 29. Nf5 g6 30. Ng3 Ra1+ 31. Nf1 Nd4 32. Nxd4 Bxd4 33.
g4 Kg7 34. Kg2 Ra2 35. Bg3 Kf6 36. Bh4+ Ke6 37. Kf3 Ra3+ 38. Kg2 Kd5 39. Nd2
Rd3 40. Nf3 Bc5 41. Bg3 Ke4 42. Nh2 Rb3 43. Nf1 Rb2 44. Nh2 f5 45. gxf5 gxf5
46. Bh4 Bd6 47. Nf3 Bf4 48. Ng1 Bd6 49. Bf6 Rb8 50. Ne2 Rg8+ 51. Kf1 Kd3 52.
Ng1 Ke4 53. Ne2 f4 54. Bh4 Be5 55. Ke1 Rb8 56. Kd2 Rb2+ 57. Kd1 Rb1+ 58. Kd2
Rh1 59. Be7 Rxh3 60. Bc5 Rb3 61. Ng1 Rb2+ 62. Kc1 Ra2 63. Nh3 Ra1+ 64. Kd2 Rh1
65. f3+ Kxf3 66. Ng1+ Ke4 67. Ne2 f3 68. Ng1 Bf4+ 0-1

[Event "Olimpiada Dresden 2008 Femenina"]
[Site "Dresden GER"]
[Date "2008.11.23"]
[Round "10.18"]
[White "Moser, Eva"]
[Black "Sedina, Elena"]
[Result "1/2-1/2"]
[WhiteElo "2376"]
[BlackElo "2365"]
[PlyCount "90"]
[EventDate "2008.11.13"]
[EventType "team-swiss"]
[EventRounds "11"]
[EventCountry "GER"]
[Source "lmi"]
[SourceDate "2008.11.13"]
[WhiteTeam "Austria"]
[BlackTeam "Italia"]
[WhiteTeamCountry "AUT"]
[BlackTeamCountry "ITA"]

1. e4 e6 2. d4 d5 3. Nd2 c5 4. exd5 exd5 5. Ngf3 Nc6 6. Bb5 Bd6 7. dxc5 Bxc5 8.
O-O Nge7 9. c3 O-O 10. Nb3 Bd6 11. Bd3 h6 12. h3 Bf5 13. Re1 Qd7 14. Nbd4 Bg6
15. Qc2 Rfe8 16. Bd2 Bh5 17. Rac1 Rad8 18. Nxc6 bxc6 19. Ne5 Qc7 20. Ng4 Bxg4
21. hxg4 Bf4 22. Bxf4 Qxf4 23. Re3 Qxg4 24. Rce1 Qd7 25. Qe2 Kf8 26. Qf3 Ng8
27. Bf5 Rxe3 28. Qxe3 Qe7 29. Qd2 Qd6 30. Qd4 Ne7 31. Bc2 c5 32. Qa4 Qc7 33.
Qa6 Kg8 34. Qd3 Ng6 35. g3 Qd7 36. Qe2 d4 37. cxd4 cxd4 38. Bxg6 fxg6 39. Qd3
Qf5 40. Re4 Kh7 41. b4 Rd6 42. a3 a6 43. Kg2 Qd5 44. Kg1 Qf5 45. Kg2 Qd5
1/2-1/2

[Event "Olimpiada Dresden 2008 Femenina"]
[Site "Dresden GER"]
[Date "2008.11.23"]
[Round "10.18"]
[White "Zimina, Olga"]
[Black "Kopinits, Anna-Christina"]
[Result "0-1"]
[WhiteElo "2368"]
[BlackElo "2270"]
[PlyCount "158"]
[EventDate "2008.11.13"]
[EventType "team-swiss"]
[EventRounds "11"]
[EventCountry "GER"]
[Source "lmi"]
[SourceDate "2008.11.13"]
[WhiteTeam "Italia"]
[BlackTeam "Austria"]
[WhiteTeamCountry "ITA"]
[BlackTeamCountry "AUT"]

1. e4 c5 2. Nf3 e6 3. c3 d5 4. exd5 Qxd5 5. d4 Nf6 6. Na3 Qd8 7. Nc2 Be7 8. Be2
O-O 9. O-O Qc7 10. Bd3 Nbd7 11. Qe2 b6 12. Bg5 Re8 13. Ne5 cxd4 14. Nxd7 Bxd7
15. Nxd4 Nd5 16. Bxe7 Nxe7 17. Nf3 f6 18. Rfe1 e5 19. Qc2 g6 20. h4 Kg7 21. h5
Bf5 22. Nh4 Bxd3 23. Qxd3 Rad8 24. Qe2 Qc8 25. a4 Rd5 26. Qe4 Red8 27. Nf3 Nc6
28. Qh4 Na5 29. h6+ Kf7 30. Qb4 Qc4 31. Qxc4 Nxc4 32. g3 Nxb2 33. a5 Rxa5 34.
Rxa5 bxa5 35. Kg2 Rd1 36. Re2 Nc4 37. Re4 Nb6 38. c4 Rc1 39. Nd2 a4 40. Re3
Nxc4 41. Rd3 Ke7 42. Nxc4 Rxc4 43. Rd5 g5 44. Ra5 Kf7 45. Rxa7+ Kg6 46. Ra6 a3
47. Rxa3 Kxh6 48. Ra8 Kg6 49. Rg8+ Kf7 50. Rh8 Kg7 51. Re8 h5 52. Re7+ Kg6 53.
Re8 h4 54. gxh4 Rxh4 55. Re6 Kf5 56. Ra6 Rf4 57. Kg3 g4 58. Rb6 Rf3+ 59. Kg2
Kg5 60. Re6 Rf4 61. Re8 e4 62. Ra8 Rf3 63. Re8 Kf4 64. Ra8 f5 65. Ra4 g3 66.
fxg3+ Rxg3+ 67. Kf2 Rf3+ 68. Kg2 Rd3 69. Kf2 Rd2+ 70. Ke1 Ke3 71. Rb4 f4 72.
Ra4 Rd3 73. Ra2 f3 74. Re2+ Kf4 75. Ra2 Rb3 76. Ra8 Rb1+ 77. Kd2 e3+ 78. Kc2 e2
79. Rf8+ Ke5 0-1

[Event "Olimpiada Dresden 2008 Femenina"]
[Site "Dresden GER"]
[Date "2008.11.23"]
[Round "10.18"]
[White "Novkovic, Julia"]
[Black "Ambrosi, Eleonora"]
[Result "0-1"]
[WhiteElo "2161"]
[BlackElo "2128"]
[PlyCount "60"]
[EventDate "2008.11.13"]
[EventType "team-swiss"]
[EventRounds "11"]
[EventCountry "GER"]
[Source "lmi"]
[SourceDate "2008.11.13"]
[WhiteTeam "Austria"]
[BlackTeam "Italia"]
[WhiteTeamCountry "AUT"]
[BlackTeamCountry "ITA"]

1. e4 c5 2. Nf3 Nc6 3. d4 cxd4 4. Nxd4 Qc7 5. Nc3 e6 6. Ndb5 Qb8 7. Be3 a6 8.
Bb6 axb5 9. Nxb5 Bb4+ 10. c3 Ba5 11. Nc7+ Qxc7 12. Bxc7 Bxc7 13. Qg4 g6 14. Bc4
Nge7 15. Qe2 O-O 16. O-O f5 17. exf5 Rxf5 18. b4 Ne5 19. a4 b6 20. f3 Bb7 21.
Bb5 Nd5 22. Rac1 Raf8 23. Qa2 Nf4 24. Be2 Rg5 25. Bd1 Rxg2+ 26. Qxg2 Nxg2 27.
Kxg2 Nc4 28. Rf2 Bf4 29. Ra1 Ne3+ 30. Kh3 Rf5 0-1